LEADER 01095nam a2200253 i 4500 001 000000154900 003 CaOOAMICUS 005 20061027000000.0 008 061027s1975 it u000 u ita u 013 $a132249 040 $aSeMil$bita 100 1 $aGreene, Graham,$d<1904-1991>.$0(OLS)http://semarc/name/15465 240 10$aLord Rochester's Monkey.$0(OLS)http://semarc/title/226785 245 10$aLord Rochester, la carriera di un libertino /$cGraham Greene ; traduzione di Masolino D'Amico. 260 $a[Milano] :$bArnoldo Mondadori Editore,$c1975. 300 $a231 p. :$briccamente ill. ;$c26 cm. 500 $aContiene : Bibliografia. - Fondo Ciprandi. 700 1 $aD'Amico, Masolino,$d<1939- >.$0(OLS)http://semarc/name/19342 850 $aSeMil 852 $aSeMil$W1$xVenegono$y1$m1W VI 279$j106752$B106752$CSeMilBibl$Z2$F115985 $81 941 1 $a1 961 $aOmaggio: Ciprandi dott. Paolo 996 $6245$aLord Rochester, la carriera di un libertino$9(OLS)http://semarc/title/226784 996 $6260$a[Milano] :$bArnoldo Mondadori Editore$9(OLS)http://semarc/publisher/29634 LEADER 01204nam a2200229 i 4500 001 000000211562 003 CaOOAMICUS 005 20120306000000.0 008 120306s1880 it u000 u ita u 013 $a190375 040 $aSeMil$bita 100 1 $aZanella, Giacomo,$d<1820-1888>.$0(OLS)http://semarc/name/7680 245 10$aStoria della letteratura italiana dalla metà del Settecento ai giorni nostri /$cper Giacomo Zanella. 260 $aMilano :$bFrancesco Vallardi,$c1880. 300 $aVIII, 262 p. ;$c27 cm. 650 4$aLetteratura italiana - Storia - Sec. 18.$0(OLS)http://semarc/subject/4106 650 4$aLetteratura italiana - Storia - Sec. 19.$0(OLS)http://semarc/subject/234 773 0 $tItalia sotto l'aspetto fisico, storico, letterario, artistico e statistico con speciale riguardo all'industria ed al commercio.$dMilano : Francesco Vallardi, [187?]-$w()26405 850 $aSeMil 852 $aSeMil$W1$xVenegono$y1$m1T VII 5 FA$j162002$B162002$CSeMilBibl$Z2$F173342 $8I 996 $6245$aStoria della letteratura italiana dalla metà del Settecento ai giorni nostri$9(OLS)http://semarc/title/305604 996 $6260$aMilano :$bFrancesco Vallardi$9(OLS)http://semarc/publisher/30290